header

Transforming central finance agencies in poor countries (Record no. 36302)

MARC details
000 -LEADER
fixed length control field 01157nam a2200289Ia 4500
245 10 - TITLE STATEMENT
Title Transforming central finance agencies in poor countries
260 ## - PUBLICATION, DISTRIBUTION, ETC. (IMPRINT)
Place of publication Washington, DC :
Name of publisher World Bank,
Year of publication 2013.
300 ## - PHYSICAL DESCRIPTION
Number of Pages xi, 70 p. :
Other physical details ill.
650 #0 - SUBJECT ADDED ENTRY--TOPICAL TERM
Topical Term Finance
Topical Term Banks and banking, centers.
856 40 - ELECTRONIC LOCATION AND ACCESS
Uniform Resource Identifier http://site.ebrary.com/lib/rucke/Doc?id=10732091

No items available.

© 2026 Rongo University
Contact us: librarian | system librarian | Rongo university